00491 a2200169 450000100060000002000180000604000220002410000210004624000340006724500290010130000070013036200090013765000350014694200070018195201160018899900170030459992 a9783125560017 cAnchieta - Pituba aSchurig, Cordula10aKalt erwischt in Hamburglpor10aKalt erwischt in Hamburg a560 a2007 4aLiteratura juvenil em alemàƒo cBK 00104070a91.1b91.1d2023-11-21l0oLJ 028.543 S394k SCH KALp11495/PITr2023-11-21 18:28:04w2023-11-21yBK c59992d59992